| 000 | 00321nam a2200097Ia 4500 | ||
|---|---|---|---|
| 008 | 220120s9999||||xx |||||||||||||| ||und|| | ||
| 100 |
_aJeevitha B.A and others _912606 |
||
| 245 | 0 | _aReal time robot car control using color recognition | |
| 260 |
_aCoorg Institute of Technology _bPonnampet _c2016 |
||
| 650 | _aCOMPUTER SCIENCE | ||
| 999 |
_c138204 _d138204 |
||